000 00548nam a2200229Ia 4500
003 OSt
005 20230411162303.0
008 210423s2009 xx 000 0 und d
020 _a9789380106168
040 _cAL
041 _aeng
082 _a330
_223
_bSHAS
100 _aSHARMA (Sandeep)
_986539
245 _aA-Z economics
260 _aNew Delhi
_bCentrum Press
_c2009
300 _avii,291
_bHB
365 _b995
_cINR
650 _aEconomics
_986540
650 _aEconomics
_986540
906 _aA-Z ; economics
942 _2ddc
_cBK
999 _c157193
_d157193